00660nam a2200181Ia 4500008004100000020002200041082001400063100003400077245005600111250000600167260002700173300001100200500003000211650002600241952010300267952009100370999001700461120629s9999 xx 000 0 und d a978-970-10-6383-5 a972 B277h aBarroy Sánchez, Héctor C. aHistoria de México / Héctor C. Barroy Sánchez a4 aMéxico : McGraw Hill a427 p. aBibliografía y glosario a1. MEXICO-HISTORIAÌ 00104070a15b15d2010-05-05l1o972 B277Hp15 004030r2023-10-31s2023-10-31t1w2012-06-28yLB 00104070a15b15d2010-05-05l0o972 B277Hp15 004031r2017-12-07t2w2012-06-28yLB c76986d76986